000
00300nam a22001337a 4500
008
170607b xxu||||| |||| 00| 0 eng d
020
_a
9780321209467
041
_a
eng
080
_2
2ND
_a
94
100
_a
18
101
_a
SHH
245
_a
CONFLICT AFTER THE COLD WAR
_c
BETTS,R.K
942
_2
udc
_c
BK
999
_c
16337
_d
16337